[Event "AUT-chT2O 2223"]
[Site "Austria"]
[Date "2022.11.19"]
[Round "3.1"]
[White "Hechl, Fabian"]
[Black "Lampl, Gerald"]
[Result "0-1"]
[WhiteElo "2017"]
[BlackElo "2103"]
[PlyCount "144"]
[EventDate "2022.10.15"]
[EventType "team-tourn"]
[EventRounds "11"]
[EventCountry "AUT"]
[SourceTitle "CBM 213 Extra"]
[Source "ChessBase"]
[SourceDate "2023.05.31"]
[SourceVersion "1"]
[SourceVersionDate "2023.05.31"]
[SourceQuality "1"]
[WhiteTeam "Donaustadt"]
[BlackTeam "Bad Voeslau"]
[WhiteTeamCountry "AUT"]
[BlackTeamCountry "AUT"]

1. e4 c6 2. d4 d5 3. Nc3 dxe4 4. Nxe4 Nd7 5. Bc4 Ndf6 6. Ng5 Nd5 7. Qf3 Ngf6 8. Ne4 g6 9. Nxf6+ Nxf6 10. Qb3 Nd5 11. Nf3 Bg7 12. 0-0 0-0 13. c3 Nb6 14. Bf4 Nxc4 15. Qxc4 Qb6 16. b4 Be6 17. Qe2 Qb5 18. Qe3 a5 19. Ng5 Bc4 20. Rfb1 a4 21. Qxe7 Qf5 22. Be3 Bxa2 23. Rb2 Bd5 24. h3 Bf6 25. g4 Bxe7 26. gxf5 h6 27. c4 Bxc4 28. Nf3 g5 29. Ne5 a3 30. Rc2 Bd5 31. b5 Rfc8 32. Nd7 Rd8 33. Nb6 Ra5 34. Nxd5 Rxd5 35. bxc6 bxc6 36. f6 Bxf6 37. Rxc6 Kg7 38. Rc3 Be7 39. Bc1 Rxd4 40. Bxa3 Rda4 41. Bxe7 Rxa1+ 42. Kg2 R1a4 43. Rg3 Rd5 44. Ba3 Kg6 45. Rb3 Rf5 46. Bc1 Rf6 47. Rb8 Re6 48. Rg8+ Kf5 49. Rf8 f6 50. Rh8 Kg6 51. Rg8+ Kf7 52. Rh8 Kg7 53. Rb8 h5 54. Rb7+ Kg6 55. Rb8 Ra2 56. Bb2 Rd6 57. Rb4 h4 58. Bd4 Re6 59. Rb8 Rd2 60. Bc5 Rc2 61. Bd4 Re4 62. Ba7 Ra2 63. Bc5 Rc2 64. Ba7 Rc3 65. Rg8+ Kf7 66. Rh8 Rd3 67. Bc5 Rc4 68. Bb6 Rcc3 69. Ra8 Rxh3 70. Bd4 Rcd3 71. Ra7+ Kg6 72. Ra6 Rhf3 0-1

[Event "Niederoesterreich Landesliga 1718"]
[Site "Austria"]
[Date "2017.12.10"]
[Round "6.3"]
[White "Lampl, Gerald"]
[Black "Ebner, Johann"]
[Result "1/2-1/2"]
[WhiteElo "2084"]
[BlackElo "2074"]
[PlyCount "82"]
[EventDate "2017.10.01"]
[EventType "team-tourn"]
[EventRounds "11"]
[EventCountry "AUT"]
[SourceTitle "EXT 2019"]
[Source "ChessBase"]
[SourceDate "2018.10.10"]
[SourceVersion "1"]
[SourceVersionDate "2018.10.10"]
[SourceQuality "1"]
[WhiteTeam "Kottingbrunn"]
[BlackTeam "Boehlerwerk"]
[WhiteTeamCountry "AUT"]
[BlackTeamCountry "AUT"]

1. d4 e6 2. g3 Nf6 3. c4 Bb4+ 4. Bd2 Qe7 5. Nf3 0-0 6. Bg2 Nc6 7. 0-0 Bxd2 8. Qxd2 e5 9. d5 Nd8 10. d6 cxd6 11. Nc3 Nc6 12. Rad1 Ne8 13. Ne4 f5 14. Nxd6 e4 15. Qd5+ Kh8 16. Nxc8 Rxc8 17. Nd4 Nxd4 18. Qxd4 Nf6 19. f3 b6 20. fxe4 fxe4 21. Rf4 Rfe8 22. e3 Rc5 23. Qd6 Qe6 24. Qxe6 Rxe6 25. Rd4 Re8 26. Bh3 d5 27. b3 h6 28. Bf5 dxc4 29. Rxc4 Nd5 30. Rfxe4 Rxe4 31. Rxc5 bxc5 32. Bxe4 Nxe3 33. h3 Nd1 34. Bc2 Ne3 35. Bd3 Nd5 36. Kf2 Nb4 37. Bb1 Nd5 38. a3 g5 39. Be4 Nf6 40. Bc6 Kg7 41. Ke3 Kf7 1/2-1/2

[Event "AUT-chT2O 1718"]
[Site "Austria"]
[Date "2017.10.22"]
[Round "2.5"]
[White "Lampl, Gerald"]
[Black "Hechl, Gerald"]
[Result "1/2-1/2"]
[WhiteElo "2084"]
[BlackElo "2274"]
[PlyCount "82"]
[EventDate "2017.10.21"]
[EventType "team-tourn"]
[EventRounds "11"]
[EventCountry "AUT"]
[SourceTitle "CBM 181 Extra"]
[Source "ChessBase"]
[SourceDate "2017.12.12"]
[SourceVersion "1"]
[SourceVersionDate "2017.12.12"]
[SourceQuality "1"]
[WhiteTeam "Bad Voeslau"]
[BlackTeam "Pressbaum"]
[WhiteTeamCountry "AUT"]
[BlackTeamCountry "AUT"]

1. d4 Nf6 2. c4 g6 3. Nf3 Bg7 4. g3 0-0 5. Bg2 d6 6. 0-0 Nc6 7. Nc3 a6 8. d5 Na5 9. b3 c5 10. Bb2 Rb8 11. Nd2 b5 12. Qc2 h5 13. Rab1 Bf5 14. e4 Bd7 15. Nd1 e5 16. Ne3 Ng4 17. Nxg4 hxg4 18. Rfe1 Bh6 19. Bc3 b4 20. Bb2 Qg5 21. Bc1 Qh5 22. f3 Nb7 23. fxg4 Bxg4 24. Nf1 Bxc1 25. Rbxc1 Bd7 26. Qe2 Qxe2 27. Rxe2 a5 28. a4 bxa3 29. Ra2 Ra8 30. Rxa3 Ra6 31. Nd2 Rb6 32. Bf1 Ra8 33. Bd3 Rb4 34. Rca1 Kf8 35. Kf2 Ke7 36. h4 f6 37. Ke3 Rh8 38. Bc2 Rb6 39. Rh1 g5 40. Raa1 gxh4 41. gxh4 Ra6 1/2-1/2

[Event "Niederoesterreich Landesliga 1617"]
[Site "Austria"]
[Date "2017.03.12"]
[Round "9.2"]
[White "Lampl, Gerald"]
[Black "Riegler, Rene"]
[Result "1-0"]
[WhiteElo "2082"]
[BlackElo "2017"]
[PlyCount "55"]
[EventDate "2016.10.02"]
[EventType "team-tourn"]
[EventRounds "11"]
[EventCountry "AUT"]
[SourceTitle "EXT 2018"]
[Source "ChessBase"]
[SourceDate "2017.10.13"]
[SourceVersion "1"]
[SourceVersionDate "2017.10.13"]
[SourceQuality "1"]
[WhiteTeam "Kottingbrunn"]
[BlackTeam "Stockerau"]
[WhiteTeamCountry "AUT"]
[BlackTeamCountry "AUT"]

1. d4 Nf6 2. c4 e6 3. Nf3 d5 4. g3 Bb4+ 5. Bd2 Bd6 6. Nc3 0-0 7. Qc2 Re8 8. Bg2 Nc6 9. 0-0 dxc4 10. Nb5 e5 11. dxe5 Bxe5 12. Rfd1 a6 13. Nxe5 axb5 14. Nxc6 bxc6 15. Bxc6 Bd7 16. Bg5 Bxc6 17. Rxd8 Raxd8 18. Bxf6 gxf6 19. Rd1 Bd5 20. f3 b4 21. Kf2 Be6 22. h4 Rxd1 23. Qxd1 Ra8 24. h5 h6 25. Qd2 Rxa2 26. Qxh6 Rxb2 27. Qxf6 Kh7 28. h6 1-0

[Event "AUT-chT2O 1617"]
[Site "Austria"]
[Date "2016.10.16"]
[Round "2.5"]
[White "Froewis, Annika"]
[Black "Lampl, Gerald"]
[Result "0-1"]
[WhiteElo "2101"]
[BlackElo "2082"]
[PlyCount "72"]
[EventDate "2016.10.15"]
[EventType "team-tourn"]
[EventRounds "11"]
[EventCountry "AUT"]
[SourceTitle "EXT 2017"]
[Source "ChessBase"]
[SourceDate "2016.10.25"]
[SourceVersion "1"]
[SourceVersionDate "2016.10.25"]
[SourceQuality "1"]
[WhiteTeam "Donaustadt"]
[BlackTeam "Bad Voeslau"]
[WhiteTeamCountry "AUT"]
[BlackTeamCountry "AUT"]

1. e4 c6 2. d4 d5 3. Nc3 dxe4 4. Nxe4 Nd7 5. Bd3 Ndf6 6. c3 g6 7. Ng5 Bg7 8. N1f3 Nh6 9. 0-0 0-0 10. Re1 Nf5 11. Ne5 Nd5 12. Ngf3 f6 13. Nc4 b5 14. Ncd2 b4 15. Ne4 Nd6 16. c4 Nxe4 17. cxd5 cxd5 18. Bxe4 dxe4 19. Rxe4 Bb7 20. Rh4 g5 21. Rh5 Qe8 22. Ne1 Rd8 23. Rh3 e5 24. Qb3+ Qf7 25. Qc2 Qg6 26. Qb3+ Qf7 27. Qc2 e4 28. Be3 h6 29. f4 exf3 30. gxf3 Qe6 31. Rg3 Qxe3+ 32. Kh1 Rxd4 33. Qb3+ Qxb3 34. axb3 Re8 35. Nc2 Rd2 36. Nxb4 a5 0-1

[Event "Niederoesterreich Landesliga 0809"]
[Site "Austria"]
[Date "2009.04.26"]
[Round "11"]
[White "Poetz, Florian"]
[Black "Lampl, Gerald"]
[Result "1-0"]
[WhiteElo "2173"]
[BlackElo "2155"]
[PlyCount "57"]
[EventDate "2008.09.28"]
[EventType "team-tourn"]
[EventRounds "11"]
[EventCountry "AUT"]
[SourceTitle "EXT 2022"]
[Source "ChessBase"]
[SourceDate "2021.10.06"]
[SourceVersion "1"]
[SourceVersionDate "2021.10.06"]
[SourceQuality "1"]

1. e4 d5 2. exd5 Qxd5 3. Nc3 Qd6 4. d4 c6 5. Nf3 Bg4 6. Be3 Nf6 7. h3 Bh5 8. g4 Bg6 9. Ne5 Nbd7 10. Nxg6 hxg6 11. Qf3 e6 12. 0-0-0 Nb6 13. Bd3 Be7 14. Bf4 Qd8 15. Be5 Nbd7 16. Kb1 Nxe5 17. dxe5 Nd5 18. Ne4 Qc7 19. c4 Nb4 20. Nd6+ Bxd6 21. exd6 Qxd6 22. Bxg6 Qc7 23. Be4 0-0 24. a3 Na6 25. Bc2 Nc5 26. g5 Qe5 27. Qg4 g6 28. h4 Rad8 29. h5 1-0

[Event "Niederoesterreich Landesliga 0809"]
[Site "Austria"]
[Date "2008.12.14"]
[Round "6"]
[White "Dornauer, Joachim"]
[Black "Lampl, Gerald"]
[Result "1/2-1/2"]
[WhiteElo "2096"]
[BlackElo "2155"]
[PlyCount "48"]
[EventDate "2008.09.28"]
[EventType "team-tourn"]
[EventRounds "11"]
[EventCountry "AUT"]
[SourceTitle "EXT 2022"]
[Source "ChessBase"]
[SourceDate "2021.10.06"]
[SourceVersion "1"]
[SourceVersionDate "2021.10.06"]
[SourceQuality "1"]

1. d4 Nf6 2. c4 g6 3. Nf3 Bg7 4. Nc3 0-0 5. e4 d6 6. Be2 e5 7. 0-0 Nc6 8. d5 Ne7 9. Nd2 c5 10. Rb1 Ne8 11. b4 b6 12. a4 f5 13. a5 Nf6 14. axb6 axb6 15. bxc5 bxc5 16. Bd3 fxe4 17. Ndxe4 Nxe4 18. Nxe4 Nf5 19. Bg5 Qc7 20. Qd2 h6 21. Be3 Ra3 22. Ra1 Rb3 23. Rfb1 Rxb1+ 24. Rxb1 Bd7 1/2-1/2

[Event "Bratto op-A 28th"]
[Site "Bratto"]
[Date "2008.08.27"]
[Round "6"]
[White "Cereda, Loris"]
[Black "Lampl, Gerald"]
[Result "0-1"]
[WhiteElo "2043"]
[BlackElo "2155"]
[PlyCount "66"]
[EventDate "2008.08.22"]
[EventType "swiss"]
[EventRounds "9"]
[EventCountry "ITA"]
[SourceTitle "CBM 126 Extra"]
[Source "ChessBase"]
[SourceDate "2008.11.05"]
[SourceVersion "1"]
[SourceVersionDate "2008.11.05"]
[SourceQuality "1"]

1. e4 d5 2. exd5 Qxd5 3. Nc3 Qd6 4. d4 c6 5. Nf3 Bg4 6. Be2 Nd7 7. Be3 Ngf6 8. Qd2 e6 9. Bf4 Qb4 10. a3 Qa5 11. 0-0 Be7 12. h3 Bh5 13. b4 Qd8 14. b5 0-0 15. bxc6 bxc6 16. Rfb1 Qc8 17. Rb3 Nb6 18. a4 c5 19. a5 Nbd5 20. Nxd5 Nxd5 21. Bg3 cxd4 22. Be5 Bf6 23. Bxf6 Nxf6 24. Nxd4 Bxe2 25. Qxe2 Qc5 26. Ra4 Rfd8 27. Qc4 Qh5 28. Rb5 Rxd4 29. Qc6 Qd1+ 30. Kh2 Rad8 31. Rxd4 Qxd4 32. Qc7 Ne8 33. Qe7 Qf4+ 0-1

[Event "Niederoesterreich Landesliga 0708"]
[Site "Austria"]
[Date "2008.04.13"]
[Round "12"]
[White "Dornauer, Joachim"]
[Black "Lampl, Gerald"]
[Result "1/2-1/2"]
[WhiteElo "2103"]
[BlackElo "2094"]
[PlyCount "54"]
[EventDate "2007.09.16"]
[EventType "team-tourn"]
[EventRounds "13"]
[EventCountry "AUT"]
[SourceTitle "EXT 2022"]
[Source "ChessBase"]
[SourceDate "2021.10.06"]
[SourceVersion "1"]
[SourceVersionDate "2021.10.06"]
[SourceQuality "1"]

1. d4 Nf6 2. Nf3 g6 3. c4 Bg7 4. Nc3 d6 5. e4 0-0 6. Be2 e5 7. 0-0 exd4 8. Nxd4 Re8 9. f3 Nc6 10. Be3 Nh5 11. Qd2 Nxd4 12. Bxd4 Nf4 13. Rfd1 Qg5 14. Bf1 Bxd4+ 15. Qxd4 Qc5 16. Nd5 Nxd5 17. cxd5 Qxd4+ 18. Rxd4 Bd7 19. Rc1 Rec8 20. Rdc4 c6 21. dxc6 Rxc6 22. Rxc6 Bxc6 23. Rd1 Rd8 24. Bc4 Kf8 25. Kf2 Ke7 26. Ke3 Rc8 27. Bb3 Bd7 1/2-1/2

[Event "AUT-ch U18"]
[Site "Imst"]
[Date "2008.03.18"]
[Round "3"]
[White "Lampl, Gerald"]
[Black "Breneis, Lukas"]
[Result "1/2-1/2"]
[WhiteElo "2090"]
[BlackElo "2109"]
[PlyCount "78"]
[EventDate "2008.03.17"]
[EventType "swiss"]
[EventRounds "7"]
[EventCountry "AUT"]
[SourceTitle "CBM 123 Extra"]
[Source "ChessBase"]
[SourceDate "2008.05.06"]
[SourceVersion "1"]
[SourceVersionDate "2008.05.06"]
[SourceQuality "1"]

1. d4 Nf6 2. c4 g6 3. Nc3 Bg7 4. Nf3 0-0 5. g3 d6 6. Bg2 Nc6 7. d5 Na5 8. b3 c5 9. Bb2 a6 10. 0-0 Bd7 11. Nd2 b5 12. Qc2 Rb8 13. Rab1 Qc8 14. Nd1 bxc4 15. bxc4 Qc7 16. Ne3 Ng4 17. Bxg7 Kxg7 18. Nxg4 Bxg4 19. f3 Bd7 20. e4 e5 21. Qc3 f6 22. Rfc1 h5 23. Nf1 Rb4 24. Rxb4 cxb4 25. Qxb4 Rb8 26. Qc3 Qc5+ 27. Kh1 h4 28. g4 Rb4 29. Nd2 g5 30. Bf1 Ra4 31. Nb3 Qf2 32. Qd2 Qxf3+ 33. Bg2 Nxb3 34. Qc2 Qxg4 35. axb3 Ra5 36. h3 Qg3 37. Qc3 Qxc3 38. Rxc3 g4 39. hxg4 Bxg4 1/2-1/2

[Event "Niederoesterreich Landesliga 0708"]
[Site "Austria"]
[Date "2007.11.25"]
[Round "6"]
[White "Sadilek, Peter"]
[Black "Lampl, Gerald"]
[Result "0-1"]
[WhiteElo "2110"]
[BlackElo "2094"]
[PlyCount "64"]
[EventDate "2007.09.16"]
[EventType "team-tourn"]
[EventRounds "13"]
[EventCountry "AUT"]
[SourceTitle "EXT 2022"]
[Source "ChessBase"]
[SourceDate "2021.10.06"]
[SourceVersion "1"]
[SourceVersionDate "2021.10.06"]
[SourceQuality "1"]

1. e4 c6 2. c4 e5 3. Nf3 Qc7 4. Nc3 Nf6 5. d4 d6 6. h3 Nbd7 7. Be2 Be7 8. 0-0 0-0 9. Re1 Re8 10. d5 c5 11. a3 Nf8 12. b4 b6 13. Bd2 Bd7 14. Qc2 Reb8 15. Reb1 Qc8 16. Bf1 Ng6 17. Ne1 Nh5 18. Qd1 Nf6 19. Nd3 Ne8 20. Kh2 f5 21. exf5 Bxf5 22. g4 Bd7 23. bxc5 bxc5 24. Qe2 Qa6 25. Nb5 Bxb5 26. cxb5 Qa4 27. Nb2 Qd4 28. Be3 Qe4 29. Qd2 Nh4 30. Kg3 Nf3 31. Qd3 Bh4+ 32. Kg2 Ne1+ 0-1